Queer Dickens : (رقم التسجيلة. 19462)

تفاصيل مارك
000 -الفاتح
حقل البيانات ثابتة الطول 01540cam a2200385 a 4500
001 - رقم الضبط
رقم الضبط 16150934
003 - محدد رقم الضبط
رقم الضبط OSt
005 - وقت وتاريخ اخر تعامل مع التسجيلة
رقم الضبط 20150408113955.0
008 - عناصر البيانات ثابتة الطول - معلومات عامة
حقل البيانات ثابتة الطول 111208s2009 enka b 001 0 eng
010 ## - رقم ضبط مكتبة الكونجرس
رقم ضبط مكتبة الكونجرس
016 7# - رقم ضبط الوكاله الوطنية للضبط الببليوجرافي
رقم ضبط التسجيلة 015361002
المصدر Uk
020 ## - الرقم الدولى المعيارى للكتب
الرقم الدولى المعيارى للكتاب 9780199566099 (acidfree paper)
020 ## - الرقم الدولى المعيارى للكتب
الرقم الدولى المعيارى للكتاب 0199566097
040 ## - مصدر الفهرسة
وكالة الفهرسة الأصلية UKM
وكالة النسخ MU
042 ## - رمز التحقق
رمز التحقق ukblcatcopy
-- lccopycat
082 04 - رقم تصنيف ديوى العشرى
رقم التصنيف 823.8 F H Q
رقم الطبعة 22
100 1# - المدخل الرئيسى - إسم شخصى
الإسم الشخصى Furneaux, Holly.
9 (RLIN) 7436
245 10 - بيان العنوان
العنوان Queer Dickens :
بقية العنوان erotics, families, masculinities /
بيان المسئوليه,etc Holly Furneaux.
260 ## - PUBLICATION, DISTRIBUTION, ETC. (IMPRINT)
مكان الناشر او الموزع Oxford ;
-- New York :
اسم الناشر او الموزع Oxford University Press,
تاريخ النشر أو التوزيع 2009.
300 ## - الوصف المادى
التعداد 282 p. :
تفاصيل ماديه اخرى للوعاء ill. ;
أبعاد الوعاء 23 cm.
504 ## - تبصرة ببليوجرافية
تبصرة ببليوجرافية,الخ Includes bibliographical references (p. [254]-274) and index.
600 10 - المدخل الاضافى بالموضوع-اسم شخصى
الإسم الشخصى Dickens, Charles,
التواريخ المصاحبة للاسم 1812-1870
التقسيم الفرعي العام Criticism and interpretation.
9 (RLIN) 7437
600 10 - المدخل الاضافى بالموضوع-اسم شخصى
الإسم الشخصى Dickens, Charles,
التواريخ المصاحبة للاسم 1812-1870
التقسيم الفرعي العام Characters
-- Men.
9 (RLIN) 7438
650 #0 - المدخل الاضافى بالموضوع-مصطلح موضوعى
مصطلح موضوعي أو اسم جغرافي كعنصر مدخل Men in literature.
9 (RLIN) 7439
650 #0 - المدخل الاضافى بالموضوع-مصطلح موضوعى
مصطلح موضوعي أو اسم جغرافي كعنصر مدخل Homosexuality in literature.
9 (RLIN) 7440
650 #0 - المدخل الاضافى بالموضوع-مصطلح موضوعى
مصطلح موضوعي أو اسم جغرافي كعنصر مدخل Eroticism in literature.
9 (RLIN) 7441
650 #0 - المدخل الاضافى بالموضوع-مصطلح موضوعى
مصطلح موضوعي أو اسم جغرافي كعنصر مدخل Sex role in literature.
9 (RLIN) 7442
650 #0 - المدخل الاضافى بالموضوع-مصطلح موضوعى
مصطلح موضوعي أو اسم جغرافي كعنصر مدخل Gender identity in literature.
9 (RLIN) 7443
650 #0 - المدخل الاضافى بالموضوع-مصطلح موضوعى
مصطلح موضوعي أو اسم جغرافي كعنصر مدخل Masculinity in literature.
9 (RLIN) 7444
856 42 - الوصول و الموقع الالكترونى
مواد محددة Publisher description
معرف المصدر الموحد <a href="http://www.loc.gov/catdir/enhancements/fy1009/2010277867-d.html">http://www.loc.gov/catdir/enhancements/fy1009/2010277867-d.html</a>
856 42 - الوصول و الموقع الالكترونى
مواد محددة Contributor biographical information
معرف المصدر الموحد <a href="http://www.loc.gov/catdir/enhancements/fy1009/2010277867-b.html">http://www.loc.gov/catdir/enhancements/fy1009/2010277867-b.html</a>
906 ## - عنصر بيانات محلى F, LDF (RLIN)
a 7
b cbc
c copycat
d 2
e ncip
f 20
g y-gencatlg
942 ## - عناصر المدخل الإضافي( كوها)
مصدر التصنيف او مخطط الترفيف Dewey Decimal Classification
Koha [default] item type DVD
المقتنيات
حالة الفقد نموذج السعر الفعال حالة تلف ليس للاعارة رقم الطلب رقم النسخة تاريخ الاكتساب الموقع الحالي الباركود الفرع الرئيسي Date last seen نوع المادة فى نظام كوها مصدر التصنيف او خطة الترفيف Total Checkouts
  2013-03-10     823.8 F H Q n 1 2011-12-08 قسم الاجراءات الفنية (IC) 00100999 قسم الاجراءات الفنية (IC) 2013-03-10 كتاب Dewey Decimal Classification  
  2013-03-10     823.8 F H Q n 2 2011-12-08 قسم الاجراءات الفنية (IC) 00101000 قسم الاجراءات الفنية (IC) 2013-03-10 كتاب Dewey Decimal Classification